LEADER 03046nam 22006375 450 001 9910911290303321 005 20251202143817.0 010 $a9783031749834 010 $a3031749839 024 7 $a10.1007/978-3-031-74983-4 035 $a(CKB)36679612100041 035 $a(MiAaPQ)EBC31806102 035 $a(Au-PeEL)EBL31806102 035 $a(DE-He213)978-3-031-74983-4 035 $a(OCoLC)1478388427 035 $a(EXLCZ)9936679612100041 100 $a20241127d2024 u| 0 101 0 $aeng 135 $aur||||||||||| 181 $ctxt$2rdacontent 182 $cc$2rdamedia 183 $acr$2rdacarrier 200 10$aCockfighting in Britain Since the Enlightenment /$fby Alexander Sutherland 205 $a1st ed. 2024. 210 1$aCham :$cSpringer Nature Switzerland :$cImprint: Palgrave Macmillan,$d2024. 215 $a1 online resource (297 pages) 225 0 $aHistory Series 311 08$a9783031749827 311 08$a3031749820 327 $aChapter 1. Introduction -- Chapter 2. A Swell?s Day Out -- Chapter 3. New Ways of Looking at Animals -- Chapter 4. The Suppression of ?Plebeian? Blood Sports -- Chapter 5. ?A General Refinement of Manners? -- Chapter 6. Cockfighting: A Dangerous Game -- Chapter 7. ?Cockfighting Extraordinary? -- Chapter 8. Pitmen: A Breed Apart -- Chapter 9. Scotland?s ?Idle Gulls and Kites? -- Chapter 10. Gallomachia: The Formality of Cockfighting in Scottish Schools -- Chapter 11. Dying Game -- Chapter 12. Conclusion. 330 $aThis book looks at the relationship of the cock and cockfighting in Britain from the Enlightenment through the modern era, showing the societal and culture changes that affected that relationship. It examines the evolution of the cock in religion and sport, the evolution of cockfighting as a sport, the changing culture of pastimes, and the historical development of humankind?s relationship with animals and the philosophy of cruelty to animals and their rights. Alexander Sutherland is an honorary senior teaching fellow in the School of Medicine, Medical Sciences and Nutrition at the University of Aberdeen, UK. 606 $aGreat Britain$xHistory 606 $aCivilization$xHistory 606 $aSports$xHistory 606 $aWorld history 606 $aHistory of Britain and Ireland 606 $aCultural History 606 $aSport History 606 $aWorld History, Global and Transnational History 615 0$aGreat Britain$xHistory. 615 0$aCivilization$xHistory. 615 0$aSports$xHistory. 615 0$aWorld history. 615 14$aHistory of Britain and Ireland. 615 24$aCultural History. 615 24$aSport History. 615 24$aWorld History, Global and Transnational History. 676 $a941 700 $aSutherland$b Alexander$0833432 801 0$bMiAaPQ 801 1$bMiAaPQ 801 2$bMiAaPQ 906 $aBOOK 912 $a9910911290303321 996 $aCockfighting in Britain since the Enlightenment$94294514 997 $aUNINA